Epilog osudu. Kniha II, Popel zítřka /
Druhá kniha série Epilog osudu ze světa Star Treku. Budoucnost válčí s minulostí.
Uloženo v:
| Série: | Star Trek: Epilog osudu,
část 2 |
|---|---|
| Hlavní autor: | |
| Další autoři: | |
| Médium: | E-kniha |
| Jazyk: | Czech |
| Vydáno: |
Praha :
Euromedia Group,
2024
|
| Vydání: | Vydání první |
| Edice: | Star Trek (Laser)
|
| Témata: | |
| Příbuzné jednotky: | Z cyklu::
Star Trek: Epilog osudu |
| Tagy: |
Žádné tagy |
| LEADER | 02571nam a2200505 i 4500 | ||
|---|---|---|---|
| 001 | 312291 | ||
| 003 | CZ PrSKC | ||
| 005 | 20260601215720.0 | ||
| 007 | ta | ||
| 008 | 240301s2024 xr g 000 f cze | ||
| 015 | |a cnb003592253 | ||
| 020 | |a 9788024294742 |q (brožováno) | ||
| 035 | |a (OCoLC)1429250925 | ||
| 040 | |a ABG001 |b cze |e rda | ||
| 041 | 1 | |a cze |h eng | |
| 072 | 7 | |a 821.111-3 |x Anglická próza, anglicky psaná |2 Konspekt | |
| 080 | |a 821.111-31 |2 MRF | ||
| 080 | |a (0:82-311.9) |2 MRF | ||
| 100 | 1 | |a Swallow, James, |d 1969- |7 xx0205914 |4 aut | |
| 240 | 1 | 0 | |a Ashes of tommorow. |l Česky |
| 245 | 1 | 0 | |a Epilog osudu. |n Kniha II, |p Popel zítřka / |c James Swallow ; z anglického originálu Star Trek - Coda, book II: The ashes of tommorow ... přeložil Jakub Marek |
| 246 | 3 | 0 | |a Popel zítřka |
| 250 | |a Vydání první | ||
| 264 | 1 | |a Praha : |b Euromedia Group, |c 2024 | |
| 300 | |a 356 stran ; |c 19 cm | ||
| 336 | |a text |b txt |2 rdacontent | ||
| 337 | |a bez média |b n |2 rdamedia | ||
| 338 | |a svazek |b nc |2 rdacarrier | ||
| 490 | 1 | |a Star Trek | |
| 500 | |a "Vydala Euromedia Group, a.s. v edici Laser"--Tiráž | ||
| 520 | 2 | |a Druhá kniha série Epilog osudu ze světa Star Treku. Budoucnost válčí s minulostí. |b Zatímco nelítostný nepřítel šíří po Galaxii strach a zanechává za sebou spoušť, kapitán Sisko a vedek Kira sdílejí děsivou předtuchu nezastavitelné apokalypsy. Jean-Luc Picard je nucen vzít věci do vlastních rukou a naverbovat do zoufalého boje všechny důvěryhodné spojence. Na hořící obloze soustavy Bajor hrozí smrtící konfrontace miliardě světů - ale cenou za přežití je čin, který přesahuje všechny rozumné meze... Nakladatelská anotace. | |
| 655 | 7 | |a anglické romány |7 fd131814 |2 czenas | |
| 655 | 7 | |a vědecko-fantastické romány |7 fd133847 |2 czenas | |
| 655 | 9 | |a English fiction |2 eczenas | |
| 655 | 9 | |a science fiction novels |2 eczenas | |
| 700 | 1 | |a Marek, Jakub |7 pna2007403550 |4 trl | |
| 787 | 0 | 8 | |i Z cyklu: |t Star Trek: Epilog osudu |g 2 |
| 830 | 0 | |a Star Trek (Laser) | |
| 900 | |a ABA001 |b 20 | ||
| 928 | 9 | |a Euromedia Group - Laser | |
| 928 | 9 | |a Laser | |
| 044 | |a xr | ||
| 910 | |a RBIT002 | ||
| 998 | |d 398632 |a https://core.palmknihy.cz/api/books/398632/cover?s8ul1p |b https://core.palmknihy.cz/api/books/398632/cover/400?s8ul1p |c https://core.palmknihy.cz/api/books/398632/cover/50?s8ul1p |e 2027-06-30 |g 360 |i 9788024294742 |j https://core.palmknihy.cz/api/books/398632/preview.epub |l |q 49 |r 1 |s https://www.palmknihy.cz/kniha/398632 |t ebook |y 2024 |z 0 |v Star Trek: Epilog osudu |w 2 | ||
| 999 | |d 312289 | ||